Enhancing Macroeconomic Resilience to Natural Disasters and Climate Change in the Small States of the Pacific /

Natural disasters and climate change are interrelated macro-critical issues affecting all Pacific small states to varying degrees. In addition to their devastating human costs, these events damage growth prospects and worsen countries' fiscal positions. This is the first cross-country IMF study...

Descripció completa

Dades bibliogràfiques
Autor principal: Cabezon, Ezequiel
Altres autors: Hunter, Leni, Tumbarello, Patrizia, Washimi, Kazuaki
Format: Revista
Idioma:English
Publicat: Washington, D.C. : International Monetary Fund, 2015.
Col·lecció:IMF Working Papers; Working Paper ; No. 2015/125
Matèries:
Accés en línia:Full text available on IMF
LEADER 02332cas a2200289 a 4500
001 AALejournalIMF015301
008 230101c9999 xx r poo 0 0eng d
020 |c 5.00 USD 
020 |z 9781513525792 
022 |a 1018-5941 
040 |a BD-DhAAL  |c BD-DhAAL 
100 1 |a Cabezon, Ezequiel. 
245 1 0 |a Enhancing Macroeconomic Resilience to Natural Disasters and Climate Change in the Small States of the Pacific /  |c Ezequiel Cabezon, Leni Hunter, Patrizia Tumbarello, Kazuaki Washimi. 
264 1 |a Washington, D.C. :  |b International Monetary Fund,  |c 2015. 
300 |a 1 online resource (37 pages) 
490 1 |a IMF Working Papers 
500 |a <strong>Off-Campus Access:</strong> No User ID or Password Required 
500 |a <strong>On-Campus Access:</strong> No User ID or Password Required 
506 |a Electronic access restricted to authorized BRAC University faculty, staff and students 
520 3 |a Natural disasters and climate change are interrelated macro-critical issues affecting all Pacific small states to varying degrees. In addition to their devastating human costs, these events damage growth prospects and worsen countries' fiscal positions. This is the first cross-country IMF study assessing the impact of natural disasters on growth in the Pacific islands as a group. A panel VAR analysis suggests that, for damage and losses equivalent to 1 percent of GDP, growth drops by 0.7 percentage point in the year of the disaster. We also find that, during 1980-2014, trend growth was 0.7 percentage point lower than it would have been without natural disasters. The paper also discusses a multi-pillar framework to enhance resilience to natural disasters at the national, regional, and multilateral levels and the importance of enhancing countries' risk-management capacities. It highlights how this approach can provide a more strategic and less ad hoc framework for strengthening both ex ante and ex post resilience and what role the IMF can play. 
538 |a Mode of access: Internet 
651 7 |a Vanuatu  |2 imf 
700 1 |a Hunter, Leni. 
700 1 |a Tumbarello, Patrizia. 
700 1 |a Washimi, Kazuaki. 
830 0 |a IMF Working Papers; Working Paper ;  |v No. 2015/125 
856 4 0 |z Full text available on IMF  |u http://elibrary.imf.org/view/journals/001/2015/125/001.2015.issue-125-en.xml  |z IMF e-Library